000 03143nam a2200577 a 4500
999 _c1850
_d1850
003 AR-BaISA
005 20250924134603.0
007 ta
008 250924s2008 mx ad||f |||| 001 0 spa d
020 _a9707293055
020 _a9789707293052
040 _bspa
_cAR-BaISA
082 0 4 _222
_a616.4 G172
245 0 0 _aEndocriología básica y clínica de Greenspan /
_cEditado por: David G. Gardner, Dolores Shoback
260 _aMéxico
_bManual Moderno,
_c2008
300 _aXIII, 1032 p.:
_bil., graf., tablas, fotos.
504 _aBibliografía al final de cada capítulo
504 _aÍndice p.: 1011-1032
505 _rPaul Webb y John D. Baxter /
_tIntroducción a la endocrinología --
505 _rDavid G. Gardner y Robert A. Nissenson /
_tMecanismos de acción hormonal --
505 _rJuan Carlos Jaume /
_tAutoinmunidad endocrina --
505 _rDavid C. Aron /
_tEndocrinología basada en evidencias y epidemiología clínica --
505 _rDavid C. Aron, James W. Findling y J. Blake Tyrrell /
_tHipotálamo e hipófisis --
505 _rAlan G. Robinson /
_tHipófisis posterior (neurohipófisis) --
505 _rDennis Styne /
_tCrecimiento --
505 _rDavid S. Cooper, Francis S. Greenspan y Paul Landerson /
_tLa glándula tiroides --
505 _rDolores Shoback, Deborah Sellemeyer y Daniel D. Bikle /
_tEnfermedad ósea metabólica --
505 _rDavid C. Aron, James W. Findling y J Blake Tyrrell /
_tGlucocorticoides y andrógenos suprarrenales --
505 _rBurl R. Don y Joan C. Lo /
_tHipertensión endocrina --
505 _rPaul A. Fitzgerald /
_tMédula suprarrenal y paranganglios --
505 _rGlenn D. Braunstein /
_tTestículos --
505 _rMitchell P. Rosen y Marcelle I. Cedars /
_tEndocrinología de la reproducción femenina e infertilidad --
505 _rFelix A. Conte y Melvin M. Grumbach /
_tAnomalías de la determinación y diferenciación sexual --
505 _rDennis Styne /
_tPubertad --
505 _rRobert N. Taylor y Dan I. Lebovic /
_tEndocrinología del embarazo --
505 _rUmesh Masharami, John H. Karam y Michael S. German /
_tHormonas pancreáticas y diabetes mellitus --
505 _rUmesh Masharani y Stephen E. Gitelman /
_tTrastornos hipoglucémicos --
505 _rMary J. Malloy y John P. Kane /
_tTrastornos del metabolismo de lipoproteínas --
505 _rMarc K. Hellerstein y Elizabeth J. Parks /
_tObesidad y sobrepeso --
505 _rDolores Shoback y Janet L. Funk /
_tManifestaciones humorales de neoplasias --
505 _rDavid G. Gardner /
_tNeoplasia endocrina múltiple --
505 _rSusan L. Greenspan y Neil M. Resnick /
_tEndocrinología geriátrica --
505 _rDavid G. Gardner /
_tUrgencias endocrinas --
505 _rGrace Lee y Carl Grunfeld /
_tEndocrinopatías por SIDA --
505 _rGeeta Lal y Orlo H. Clark /
_tCirugía endocrina
650 1 4 _93789
_aEndocrinología
650 1 4 _93796
_aGlándulas endocrinas
700 _93795
_aGardner, David G.
_eed.
700 _93797
_aShoback, Dolores
_eed.
942 _2ddc
_cLI
_e22